Memoria y balance correspondientes al ejercicio de 1921, y aprobados en Junta General Ordinaria celebrada el día 28 de febrero de 1922 / Unión de Empresarios de Pompas Fúnebres de Barcelona
Descripción Física:
15 p. ; 25 cm
MARC
| LEADER | 00000nam a2200000Ia 4500 | ||
|---|---|---|---|
| 001 | 11705 | ||
| 008 | 160829s1922 xx 000 0 cat d | ||
| 080 | |a RF-8-21 | ||
| 100 | |a Unión de Empresarios de Pompas Fúnebres de Barcelona |9 38581 | ||
| 245 | |a Memoria y balance correspondientes al ejercicio de 1921, y aprobados en Junta General Ordinaria celebrada el día 28 de febrero de 1922 / Unión de Empresarios de Pompas Fúnebres de Barcelona | ||
| 260 | |a Sabadell : |b (Suc. de J. Comas), |c 1922 | ||
| 300 | |a 15 p. ; |c 25 cm | ||
| 650 | |a Unión de Empresarios de Pompas Fúnebres de Barcelona |x Memòries |9 38582 | ||
| 856 | 4 | |u https://media.diba.cat/diba/fitxers/arxiu/fulletons/bib_11705_1922_baixa.pdf |y Accés lliure | |
| 856 | 4 | |u https://media.diba.cat/diba/fitxers/arxiu/fulletons/bib_11705_1922_baixa.pdf |y Accés lliure | |
| 901 | |a Arxiu | ||
| 942 | |n 1 |2 udc | ||
| 952 | |0 0 |1 0 |4 0 |6 RF821 |7 1 |9 48480 |a Arxiu |b Arxiu |d 2016-12-01 |l 0 |o RF-8-21 |p 11705 |r 2016-12-01 00:00:00 |w 2016-12-01 |y ARXIU | ||
| 999 | |c 52309 |d 52309 | ||
| 900 | |a bib_11705_1922_baixa.pdf | ||